000 00592nam a22001817a 4500
999 _c8523
_d8523
008 201201b ||||| |||| 00| 0 eng d
040 _aBMS College of Architecture
100 _aRaam, K S Shri Ganesh
245 _aNatakendra - Film studio with multimedia institute Kochi
300 _aiv, 60p.
500 _a1BM13AT019
502 _8B,Arch
_NBMS College of Architecture, Visvesvaraya Technological University (VTU)
_aProject report
_d2017
650 _aFilm Studio
650 _aInstitute
700 _aDhakshayini R Patil
_eGuide
700 _aJoseph Alwin B
_eGuide
942 _2ddc
_cTHE